00527 a2200181 450000100060000002000150000604000240002110000260004524000460007124500410011730000070015836200090016544000120017465000310018694200070021795201040022499900170032869592 a8516022714 cAnchieta - Itaigara aBranco, Samuel Murgel10aUm passeio pelas estações do anolpor10aUm passeio pelas estações do ano a480 a1999 1aModerna 4aLiteratura infanto-juvenil cBK 00104070a88.1b88.1d2023-11-21l0o028.5 BRA PASp2069/ITAr2023-11-21 20:04:12w2023-11-21yBK c69592d69592